Largest Country in Asia by Year - Statistics

General Stats
  • This quiz has been taken 152 times
    125 since last reset
  • The average score is 12 of 37
Answer Stats
Dates Country % Correct
1213 AD- 1271 AD Mongol Empire
93%
1630 AD- 1756 AD Russian Empire
89%
1991 AD- 2020 AD Russia
88%
550 BC- 329 BC First Persian Empire
72%
1923 AD- 1991 AD Soviet Union
70%
1756 AD- 1799 AD Qing Dynasty
58%
1411 AD- 1630 AD Ming Dynasty
57%
329 BC- 323 BC Macedonian Empire
48%
205 BC- 200 BC Han Dynasty
46%
631 AD- 671 AD Tang Dynasty
42%
875 AD- 908 AD Tang Dynasty
42%
c.730 BC- 723 BC Assyria
35%
979 AD- 991 AD Song Dynasty
34%
671 AD- 750 AD Umayyad Caliphate
33%
750 AD- 875 AD Abbasid Caliphate
31%
279 BC- 205 BC Maurya Empire
27%
1271 AD- 1394 AD Yuan Dynasty
27%
c.2500 BC- c.2250 BC Indus River Valley Civilization
25%
c.1550 BC-1046 BC Shang Dynasty
24%
-3000 BC- c.2500 BC Sumerian Civilization
24%
1394 AD- 1411 AD Timurid Empire
22%
1046 BC- c.770 BC Zhou Dynasty
22%
1142 AD- 1213 AD Jin Dynasty
21%
231 AD- 573 AD Sassanid Empire
21%
1074 AD- 1096 AD Seljuq Empire
18%
c.2250 BC- c.2120 BC Akkadian Empire
17%
10 AD- 18 AD Xin "Dynasty"
16%
323 BC- 279 BC Seleucid Empire
13%
200 BC- 107 BC Xiongnu Confederation
11%
991 AD- 1074 AD Liao Dynasty
8%
573 AD-582 AD Göktürks
7%
103 AD- 231 AD Kushan Empire
6%
615 BC- 550 BC Medes
5%
c.740 BC- c.730 BC Phrygia
5%
c.770 BC-c.740 BC Chu State
4%
1126 AD- 1142 AD Qara Khitai
2%
908 AD- 979 AD Samanid
2%
No matching quizzes found
Score Distribution
Percent of People with Each Score
Percentile by Number Answered
Your Score History
You have not taken this quiz since the last reset